Physics for scientists and engineers : (رقم التسجيلة. 39898)

تفاصيل مارك
000 -الفاتح
حقل البيانات ثابتة الطول 01274cam a22003015i 4500
001 - رقم الضبط
رقم الضبط 18258571
003 - محدد رقم الضبط
رقم الضبط OSt
005 - وقت وتاريخ اخر تعامل مع التسجيلة
رقم الضبط 20161204115827.0
008 - عناصر البيانات ثابتة الطول - معلومات عامة
حقل البيانات ثابتة الطول 140807s2016 cau b 001 0 eng
010 ## - رقم ضبط مكتبة الكونجرس
رقم ضبط مكتبة الكونجرس 2014947990
020 ## - الرقم الدولى المعيارى للكتب
الرقم الدولى المعيارى للكتاب 9781305116399
020 ## - الرقم الدولى المعيارى للكتب
الرقم الدولى المعيارى للكتاب 9781305116412
040 ## - مصدر الفهرسة
وكالة الفهرسة الأصلية DLC
لغة الفهرسة eng
قواعد الوصف rda
وكالة النسخ DLC
وكالة التعديل DLC
042 ## - رمز التحقق
رمز التحقق pcc
050 00 - رقم طلب مكتبة الكونجرس
رقم التصنيف QC21.3
رقم المادة .S467 2016
082 ## - رقم تصنيف ديوى العشرى
رقم الطبعة 22
رقم التصنيف 530.7
رقم المادة SRP
100 1# - المدخل الرئيسى - إسم شخصى
الإسم الشخصى Serway, Raymond A.,
الدور author.
9 (RLIN) 5306
245 10 - بيان العنوان
العنوان Physics for scientists and engineers :
بقية العنوان technology update.
250 ## - بيان الطبعة
بيان الطبعة Ninth Edition /
بقية بيان الطبعة Raymond A. Serway, Emeritus, James Madison University; John W. Jewett, Jr., Emeritus, California State Polytechnic University, Pomona ; with contributions from Vahé Peroomian, University of California at Los Angeles.
300 ## - الوصف المادى
التعداد 2 volumes (xxxii, 1484, 40, 25 pages) :
تفاصيل ماديه اخرى للوعاء color illustrations ;
أبعاد الوعاء 29 cm
504 ## - تبصرة ببليوجرافية
تبصرة ببليوجرافية,الخ Includes bibliographical references and indexes.
650 #0 - المدخل الاضافى بالموضوع-مصطلح موضوعى
مصطلح موضوعي أو اسم جغرافي كعنصر مدخل Physics
التقسيم الفرعي الشكلي Textbooks.
9 (RLIN) 56962
700 1# - المدخل الاضافى - اسم شخصى
الإسم الشخصى Jewett, John W.,
الدور author.
9 (RLIN) 5307
700 1# - المدخل الاضافى - اسم شخصى
الإسم الشخصى Peroomian, Vahé,
الدور author.
9 (RLIN) 56963
906 ## - عنصر بيانات محلى F, LDF (RLIN)
a 7
b cbc
c orignew
d 2
e epcn
f 20
g y-gencatlg
942 ## - عناصر المدخل الإضافي( كوها)
مصدر التصنيف او مخطط الترفيف Dewey Decimal Classification
Koha [default] item type كتاب
المقتنيات
حالة الفقد نموذج السعر الفعال حالة تلف ليس للاعارة رقم الطلب تاريخ الاكتساب الموقع الحالي الباركود الفرع الرئيسي Date last seen نوع المادة فى نظام كوها مصدر التصنيف او خطة الترفيف Total Checkouts Date last checked out
  2016-12-16     530.7 SRP 2016-12-16 المكتبة المركزية بالمجمعة (CL) 00655222 المكتبة المركزية بالمجمعة (CL) 2016-12-16 كتاب Dewey Decimal Classification    
  2016-12-16     530.7 SRP 2016-12-16 المكتبة المركزية بالمجمعة (CL) 00655223 المكتبة المركزية بالمجمعة (CL) 2016-12-16 كتاب Dewey Decimal Classification    
  2016-12-16     530.7 SRP 2016-12-16 المكتبة المركزية بالمجمعة (CL) 00655224 المكتبة المركزية بالمجمعة (CL) 2016-12-16 كتاب Dewey Decimal Classification    
  2016-12-20     530.7 SRP 2016-12-20 مكتبة كلية التربية بالزلفى - طالبات (EZF) 00655738 مكتبة مجمع الكليات بالزلفى - طلاب (SZM) 2017-02-23 كتاب Dewey Decimal Classification 1 2017-02-19
  2016-12-20     530.7 SRP 2016-12-20 مكتبة مجمع الكليات بالزلفى - طلاب (SZM) 00655739 مكتبة مجمع الكليات بالزلفى - طلاب (SZM) 2016-12-20 كتاب Dewey Decimal Classification